| 000 | 00914cam a22002174a 4500 | ||
|---|---|---|---|
| 005 | 20250605164158.0 | ||
| 008 | 250528s ||||||||||||||||||||||||d | ||
| 035 | _a19696 | ||
| 020 | _a9601202439 | ||
| 040 |
_aGR-AtMCL _bgre _dGR-AtMCL _eAACR2 |
||
| 245 | 1 | _aΗ ΑΝΑΤΟΜΙΑ ΤΟΥ ΑΝΘΡΩΠΙΝΟΥ ΣΩΜΑΤΟΣ | |
| 250 | _a2 | ||
| 260 |
_bUniversity Studio Press, _c1989 |
||
| 300 | _a429 | ||
| 505 | 0 | _aΓΕΝΙΚΗ ΑΝΑΤΟΜΙΑ ΟΥΡΟΠΟΙΗΤΙΚΟ ΣΥΣΤΗΜΑ ΠΕΠΤΙΚΟ ΣΥΣΤΗΜΑ ΜΥΕΣ ΜΥΙΚΟ ΣΥΣΤΗΜΑ ΓΕΝΝΗΤΙΚΟ ΣΥΣΤΗΜΑ | |
| 520 | _aΓΕΝΙΚΗ ΑΝΑΤΟΜΙΑ ΟΥΡΟΠΟΙΗΤΙΚΟ ΣΥΣΤΗΜΑ ΠΕΠΤΙΚΟ ΣΥΣΤΗΜΑ ΜΥΕΣ ΜΥΙΚΟ ΣΥΣΤΗΜΑ ΓΕΝΝΗΤΙΚΟ ΣΥΣΤΗΜΑ | ||
| 700 | 1 |
_aΤσιλιγκιρογλου - Φαχαντιδου Αννα _95736 |
|
| 942 | _cBK | ||
| 999 |
_c4952 _d4952 |
||